00205nam a2200085Ia 4500008004100000100002600041245002200067260002100089260000900110170620s9999 xx 000 0 und d aKhan- Mohammad Sharif 0aSchool Curriculum bNew Delhi- A.P.H c2010